00539 a2200157 4500003000500000005001700005040000900022082001200031100001800043245005900061250001200120260002600132300001000158505019600168650001700364Nust20230320113501.0 cNust a624,FAB aFaber, Oscar  aReinforced concrete simply explained /cOscar Faber,  a3rd ed. aLondonboxford c1944 a80 p. aPreliminary (Page-11), Compression Members and Pillars (Page-19), Beams and Slabs (Page-24), Shearing Resistance of Concrete Beams (Page-40), Design of Pillars (Page-54), Materials (Page-62). aConstruction